000 00551nam a2200229Ia 4500
003 OSt
005 20220924141051.0
006 a|||||r|||| 00| 0
007 ta
008 220923b |||||||| |||| 00| 0 ben d
024 _a297038
037 _cTextual
040 _aARTS
_cARTS
_bben
041 _2ben
_aben
082 _aO157,3NGU,1, L8
100 _aGupta
_9154676
245 0 _aAfrica adim
260 _c1978
650 _aBENGALI LITERATURE
942 _hO157,3NGU,1, L8
_cTEXL
_2CC
999 _c446126
_d446126